[Event "Znojemska Rotunda Open 2024 - turnaj A"]
[Site "Loucky klaster ve Znojme – Klasterni, 671 81 Znojmo (stukove saly)"]
[Date "2024.06.23"]
[Round "1.1"]
[White "Bures, Jaroslav"]
[Black "Mayer, Josef"]
[Result "1-0"]
[WhiteFideId "322890"]
[BlackFideId "310972"]
[WhiteElo "2418"]
[BlackElo "1927"]
[EventDate "2024.06.23"]

1. e4 g6 2. d4 Bg7 3. Nc3 d6 4. h3 Nf6 5. Nf3 O-O 6. Bc4 Nc6 7. Be3 Nxe4 8.
Nxe4 d5 9. Bd3 dxe4 10. Bxe4 Qd6 11. O-O Rd8 12. c3 Be6 13. Re1 Bd5 14. Bxd5
Qxd5 15. Bf4 Rac8 16. Qe2 Re8 17. b3 e6 18. Rad1 Qd7 19. Bg5 f6 20. Bh4 Rcd8
21. Rd3 Re7 22. Re3 Rde8 23. Qb5 Nd8 24. Qc4 Nc6 25. Bg3 Na5 26. Qb4 b6 27. Qa3
Bf8 28. Qb2 Nb7 29. Qe2 a5 30. Nd2 Bg7 31. Nc4 b5 32. Nd2 Nd6 33. Rd3 Nb7 34.
Ne4 Qd5 35. Bh4 Kf7 36. Rf3 Kg8 37. Bxf6 Rf7 38. Bxg7 Kxg7 39. Rxf7+ Kxf7 40.
Qf3+ Kg7 41. Nf6 1-0

[Event "Znojemska Rotunda Open 2024 - turnaj A"]
[Site "Loucky klaster ve Znojme – Klasterni, 671 81 Znojmo (stukove saly)"]
[Date "2024.06.23"]
[Round "1.2"]
[White "Hemala, Lubos"]
[Black "Sanket, Chakravarty"]
[Result "0-1"]
[WhiteFideId "336564"]
[BlackFideId "25032038"]
[WhiteElo "1907"]
[BlackElo "2357"]
[EventDate "2024.06.23"]

1. e4 c5 2. Nf3 e6 3. c4 Nc6 4. Nc3 Nf6 5. d3 Be7 6. h3 d6 7. Be2 b6 8. d4 cxd4
9. Nxd4 Bb7 10. Bf3 Ne5 11. Qa4+ Nfd7 12. Be2 O-O 13. Be3 Bg5 14. f4 Bh4+ 15.
Kd2 Rc8 16. Nb3 Ng6 17. Qxa7 Nc5 18. Nxc5 dxc5+ 19. Bd3 Bc6 20. Qa3 b5 21. Qb3
b4 22. Ne2 Bxe4 23. Rhg1 Bf6 24. Nc1 e5 25. Kc2 exf4 26. Bxc5 Rxc5 27. Bxe4 Qd4
28. Re1 Rxc4+ 29. Kb1 Rfc8 30. Bd3 Ne5 31. Bxc4 Nxc4 32. Rd1 Na3+ 33. Qxa3
Rxc1+ 34. Kxc1 Qc5+ 35. Kd2 bxa3 36. Rac1 Qe3+ 0-1

[Event "Znojemska Rotunda Open 2024 - turnaj A"]
[Site "Loucky klaster ve Znojme – Klasterni, 671 81 Znojmo (stukove saly)"]
[Date "2024.06.23"]
[Round "1.3"]
[White "Manik, Mikulas"]
[Black "Luc, Martin"]
[Result "1-0"]
[WhiteFideId "14900734"]
[BlackFideId "390356"]
[WhiteElo "2343"]
[BlackElo "1822"]
[EventDate "2024.06.23"]

1. e4 c5 2. Nf3 Nc6 3. Nc3 d6 4. d4 cxd4 5. Nxd4 e5 6. Ndb5 a6 7. Na3 Be7 8.
Nd5 Nf6 9. Nxf6+ Bxf6 10. Nc4 O-O 11. Be2 Nd4 12. O-O Be6 13. c3 Nxe2+ 14. Qxe2
b5 15. Ne3 Qc7 16. Rd1 Rfb8 17. Nd5 Bxd5 18. Rxd5 b4 19. Bd2 b3 20. a3 Rc8 21.
Rd1 Qc4 22. Qg4 Rc6 23. h3 Re8 24. Qf3 Re6 25. Qd3 Qxd3 26. Rxd3 Re8 27. Be3
Re6 28. f3 g6 29. c4 Rxc4 30. Rxd6 Rxd6 31. Rxd6 Kg7 32. Rb6 Bh4 33. Rxb3 Rc2
34. Kf1 Bg3 35. Rb7 h6 36. a4 Bh4 37. a5 Bd8 38. b4 Rb2 39. Rd7 Bh4 40. Bc5
Rb1+ 41. Ke2 Be1 42. Rd1 Bxb4 43. Rxb1 Bxc5 44. Rb6 1-0

[Event "Znojemska Rotunda Open 2024 - turnaj A"]
[Site "Loucky klaster ve Znojme – Klasterni, 671 81 Znojmo (stukove saly)"]
[Date "2024.06.23"]
[Round "1.4"]
[White "Svoboda, Frantisek"]
[Black "Vyskocil, Neklan"]
[Result "0-1"]
[WhiteFideId "348937"]
[BlackFideId "307106"]
[WhiteElo "1753"]
[BlackElo "2288"]
[EventDate "2024.06.23"]

1. c4 e5 2. g3 Nc6 3. Bg2 Nf6 4. Nc3 Bb4 5. e3 Bxc3 6. bxc3 e4 7. Ba3 Ne5 8.
Qa4 Nd3+ 9. Ke2 c5 10. Nh3 O-O 11. Bxe4 Nxe4 12. Kxd3 d5 13. Ke2 Bxh3 14. f3
dxc4 15. fxe4 Qd3+ 16. Kf3 f5 0-1

[Event "Znojemska Rotunda Open 2024 - turnaj A"]
[Site "Loucky klaster ve Znojme – Klasterni, 671 81 Znojmo (stukove saly)"]
[Date "2024.06.23"]
[Round "1.5"]
[White "Husek, Martin"]
[Black "Vejlupek, Pavel"]
[Result "1-0"]
[WhiteFideId "384054"]
[BlackFideId "23759399"]
[WhiteElo "2214"]
[BlackElo "1713"]
[EventDate "2024.06.23"]

1. d4 d5 2. c4 c6 3. Nf3 Nf6 4. e3 e6 5. Nbd2 Nbd7 6. Bd3 b6 7. O-O Bb7 8. b3
Be7 9. Bb2 O-O 10. Ne5 c5 11. f4 Qc7 12. Qe1 a5 13. Qg3 Ne4 14. Bxe4 dxe4 15.
Nxd7 Qxd7 16. dxc5 f6 17. Rad1 bxc5 18. Nxe4 Qc7 19. Nc3 Bc6 20. Qg4 f5 21. Nd5
fxg4 22. Nxc7 Rac8 23. Nxe6 Rf7 24. Be5 h6 25. Nc7 a4 26. Nb5 Bxb5 27. cxb5
axb3 28. axb3 Bf8 29. b6 Rb7 30. Bc7 Ra8 31. Ra1 Re8 32. Ra7 Rxa7 33. bxa7 Ra8
34. Ra1 c4 35. bxc4 Bc5 36. Bb8 Bxe3+ 37. Kf1 Kf7 38. Ke2 Bc5 39. Ra5 Bg1 40.
c5 Ke8 41. c6 Kd8 42. Rd5+ Kc8 43. Rf5 1-0

[Event "Znojemska Rotunda Open 2024 - turnaj A"]
[Site "Loucky klaster ve Znojme – Klasterni, 671 81 Znojmo (stukove saly)"]
[Date "2024.06.23"]
[Round "1.6"]
[White "Borkovec, Ondrej"]
[Black "Molik, Zdenek"]
[Result "0-1"]
[WhiteFideId "23733853"]
[BlackFideId "314374"]
[WhiteElo "1708"]
[BlackElo "2131"]
[EventDate "2024.06.23"]

1. d4 c5 2. d5 Nf6 3. c4 b5 4. cxb5 a6 5. b6 d6 6. a4 a5 7. Nc3 Nbd7 8. e4 Nxb6
9. f4 g6 10. Nf3 Bg7 11. Bb5+ Nfd7 12. O-O O-O 13. Qe1 Ba6 14. Bd2 Nc4 15. Bxa6
Nxd2 16. Nxd2 Rxa6 17. Qe2 Qa8 18. Nb5 Rc8 19. Nc4 Nb6 20. Ra2 Nxc4 21. Qxc4
Rb6 22. b3 Qb7 23. Rc2 Qd7 24. h3 Rcb8 25. Re2 Rd8 26. Rd1 h6 27. e5 dxe5 28.
fxe5 Re6 29. dxe6 Qxd1+ 30. Kh2 f6 31. exf6 Bxf6 32. Qe4 Kg7 33. Qc2 Be5+ 34.
g3 Qd5 35. Nc3 Qd3 36. Ne4 Qxc2 37. Rxc2 Bd4 38. Rc1 Rd5 39. Kg2 Re5 40. Kf3
Rxe6 41. Nxc5 Re3+ 42. Kg2 Be5 43. g4 Rg3+ 44. Kf2 Rxh3 45. Rc4 Bd6 46. Nb7 Bb4
47. Nc5 h5 48. g5 Kf7 49. Rf4+ Ke8 50. Rc4 Rc3 51. Ne6 Rxb3 52. Nf4 Kf7 53. Rc6
Bd6 54. Nd5 Ra3 55. Rc4 Ke6 56. Ne3 Bb4 57. Rc6+ Kf7 58. Nc2 Rxa4 0-1

[Event "Znojemska Rotunda Open 2024 - turnaj A"]
[Site "Loucky klaster ve Znojme – Klasterni, 671 81 Znojmo (stukove saly)"]
[Date "2024.06.23"]
[Round "1.7"]
[White "Buchta, Vaclav"]
[Black "Mikolas, Jakub"]
[Result "1-0"]
[WhiteFideId "23739118"]
[BlackFideId "23767839"]
[WhiteElo "2099"]
[BlackElo "1708"]
[EventDate "2024.06.23"]

1. Nf3 Nf6 2. g3 d5 3. Bg2 e6 4. O-O Be7 5. d3 O-O 6. Nbd2 Nc6 7. e4 dxe4 8.
dxe4 e5 9. c3 Be6 10. Qe2 Qd7 11. Nc4 Bxc4 12. Qxc4 a6 13. Bg5 b5 14. Qe2 Qe6
15. Bxf6 Bxf6 16. Rfd1 Rfd8 17. Rxd8+ Nxd8 18. a4 c6 19. Bf1 Nb7 20. Qe3 Nd6
21. axb5 cxb5 22. Qb6 Bd8 23. Qc6 Ra7 24. Rxa6 Rxa6 25. Qxa6 Nxe4 26. Qa8 1-0

[Event "Znojemska Rotunda Open 2024 - turnaj A"]
[Site "Loucky klaster ve Znojme – Klasterni, 671 81 Znojmo (stukove saly)"]
[Date "2024.06.23"]
[Round "1.8"]
[White "Molik, Jakub"]
[Black "Zemlicka, Vit"]
[Result "0-1"]
[WhiteFideId "23732687"]
[BlackFideId "303143"]
[WhiteElo "1657"]
[BlackElo "1998"]
[EventDate "2024.06.23"]

1. e4 g6 2. d4 Bg7 3. Nc3 d6 4. Be3 a6 5. Qd2 b5 6. f4 Nf6 7. Bd3 Ng4 8. f5
Nxe3 9. Qxe3 Nd7 10. O-O-O Bb7 11. Kb1 c5 12. dxc5 Nxc5 13. Nf3 Qa5 14. Nd5 Na4
15. fxg6 hxg6 16. Nd4 e6 17. Nb3 Qd8 18. Nf4 Nxb2 19. Rdf1 Qe7 20. e5 Nxd3 21.
Qxd3 O-O-O 22. Nxg6 fxg6 23. Qxg6 Bxe5 24. Rf7 Be4 25. Rxe7 Bxg6 26. Ra7 Kb8
27. Rxa6 Kb7 28. Ra5 Kb6 29. a4 bxa4 30. Rxa4 Ra8 31. Rb4+ Kc7 32. g3 Rhb8 33.
Rxb8 Rxb8 34. Kc1 Rh8 35. Nd2 Bf5 36. Rg1 Rxh2 37. g4 Bg6 38. Kd1 Bc3 0-1

[Event "Znojemska Rotunda Open 2024 - turnaj A"]
[Site "Loucky klaster ve Znojme – Klasterni, 671 81 Znojmo (stukove saly)"]
[Date "2024.06.23"]
[Round "1.9"]
[White "Dvorak, Libor"]
[Black "Glacner, Karel"]
[Result "1-0"]
[WhiteFideId "316598"]
[BlackFideId "326020"]
[WhiteElo "1990"]
[BlackElo "1646"]
[EventDate "2024.06.23"]
[PlyCount "71"]

1. Nf3 d5 2. c4 e6 3. g3 d4 4. d3 Nc6 5. Bg2 Bb4+ 6. Nbd2 e5 7. O-O h6 8. Nxe5
Nxe5 9. Qa4+ Nd7 10. Qxb4 c5 11. Qa4 Ngf6 12. b4 O-O 13. bxc5 Nxc5 14. Qb4 Qc7
15. Ba3 Ne6 16. Rab1 Re8 17. c5 a5 18. Qb5 Ng5 19. Rfe1 Rb8 20. c6 Re5 21. Qb6
Qxb6 22. Rxb6 Ne8 23. cxb7 Bg4 24. f4 Rxe2 25. Rxe2 Bxe2 26. fxg5 hxg5 27. Ra6
Nc7 28. Ra8 Nxa8 29. bxa8=Q Rxa8 30. Bxa8 Bxd3 31. Nb3 Bc4 32. Nxd4 Bxa2 33.
Kf2 a4 34. Bc6 Bb3 35. Nxb3 axb3 36. Bd5 1-0

[Event "Znojemska Rotunda Open 2024 - turnaj A"]
[Site "Loucky klaster ve Znojme – Klasterni, 671 81 Znojmo (stukove saly)"]
[Date "2024.06.24"]
[Round "2.1"]
[White "Molik, Zdenek"]
[Black "Bures, Jaroslav"]
[Result "1/2-1/2"]
[WhiteFideId "314374"]
[BlackFideId "322890"]
[WhiteElo "2131"]
[BlackElo "2418"]
[EventDate "2024.06.23"]

1. e4 c5 2. Nf3 Nc6 3. c4 g6 4. d4 cxd4 5. Nxd4 Bg7 6. Nc2 d6 7. Be2 Be6 8. O-O
Rc8 9. Ne3 Nf6 10. Nc3 O-O 11. Rb1 Nd7 12. Ncd5 Nc5 13. f3 a5 14. Bd2 Nd4 15.
Qe1 a4 16. Bd1 Nd3 17. Qh4 Bxd5 18. Nxd5 Rxc4 19. Qxe7 Qxe7 20. Nxe7+ Kh8 21.
Nd5 b5 22. g4 Nxb2 23. Ne3 Rcc8 24. Rxb2 Nxf3+ 25. Rxf3 Bxb2 26. Be2 Bd4 27.
Bd3 Rb8 28. Bb4 Bc5 29. Bc3+ Kg8 30. Kf1 b4 31. Ba1 b3 32. axb3 Bxe3 33. Rxe3
Rxb3 34. Ke2 Ra3 35. Bf6 Ra2+ 36. Kf3 Rxh2 37. Kg3 Rd2 38. Bb5 Ra8 39. Ra3 Rc2
40. Kf3 h6 41. Rxa4 Rxa4 42. Bxa4 Ra2 43. Bc6 Ra3+ 44. Kf2 Ra7 45. Kf3 g5 46.
Bd5 Kh7 47. Bd4 Ra3+ 48. Kg2 Kg6 49. Bb6 Ra6 50. Bd8 Ra7 51. Bb6 Re7 52. Kf3 h5
53. gxh5+ Kxh5 54. Kg3 Kg6 55. Kg4 f6 56. Bf2 Re5 57. Bg3 Rxd5 58. exd5 f5+ 59.
Kf3 f4 60. Bxf4 gxf4 61. Kxf4 Kf6 62. Ke4 Kg5 63. Ke3 Kf5 64. Kf3 Ke5 65. Ke3
Kxd5 66. Kd3 Ke5 67. Ke4+ 1/2-1/2

[Event "Znojemska Rotunda Open 2024 - turnaj A"]
[Site "Loucky klaster ve Znojme – Klasterni, 671 81 Znojmo (stukove saly)"]
[Date "2024.06.24"]
[Round "2.2"]
[White "Sanket, Chakravarty"]
[Black "Buchta, Vaclav"]
[Result "1-0"]
[WhiteFideId "25032038"]
[BlackFideId "23739118"]
[WhiteElo "2357"]
[BlackElo "2099"]
[EventDate "2024.06.23"]

1. c4 c6 2. g3 g6 3. Bg2 e5 4. d4 d6 5. Nc3 Bg7 6. Nf3 Nd7 7. Ne4 Ndf6 8. Bg5
Qa5+ 9. Bd2 Qc7 10. Nxd6+ Qxd6 11. dxe5 Qc7 12. exf6 Nxf6 13. O-O Be6 14. Qc1
O-O 15. Bc3 Rfe8 16. b3 a5 17. Qb2 Nh5 18. Rad1 a4 19. Rd2 axb3 20. axb3 Red8
21. Nd4 Bd7 22. Rfd1 c5 23. Nb5 Bxb5 24. Bxg7 Nxg7 25. cxb5 Ne6 26. Rxd8+ Rxd8
27. Rxd8+ Nxd8 28. Bd5 Qd7 29. Bc4 Ne6 30. Qe5 Qe7 31. h4 h5 32. b6 Kh7 33.
Bxe6 Qxe6 34. Qxe6 fxe6 35. Kg2 Kg7 36. Kf3 Kf6 37. Ke4 Ke7 38. Ke5 Kd7 39. e4
Kc6 40. Kxe6 Kxb6 41. Kd6 Kc6 1-0

[Event "Znojemska Rotunda Open 2024 - turnaj A"]
[Site "Loucky klaster ve Znojme – Klasterni, 671 81 Znojmo (stukove saly)"]
[Date "2024.06.24"]
[Round "2.3"]
[White "Zemlicka, Vit"]
[Black "Manik, Mikulas"]
[Result "1/2-1/2"]
[WhiteFideId "303143"]
[BlackFideId "14900734"]
[WhiteElo "1998"]
[BlackElo "2343"]
[EventDate "2024.06.23"]

1. e4 c5 2. Nf3 d6 3. d4 cxd4 4. Nxd4 Nf6 5. Nc3 g6 6. Be3 a6 7. f3 h5 8. Qd2
e5 9. Nb3 Be6 10. O-O-O Nbd7 11. Kb1 Rc8 12. h3 Qc7 13. f4 b5 14. Nd5 Bxd5 15.
exd5 Ne4 16. Qd3 f5 17. Be2 h4 18. Rhe1 Bg7 19. Bf3 Ng3 20. fxe5 Nxe5 21. Bf4
O-O 22. Bxe5 dxe5 23. d6 Qb6 24. Qd5+ Rf7 25. Rxe5 Bxe5 26. Qxe5 Kh7 27. Nd4
Ne4 28. Ne6 Qf2 29. Bxe4 fxe4 30. Qxe4 Rd7 31. Nf4 Rg8 32. a3 1/2-1/2

[Event "Znojemska Rotunda Open 2024 - turnaj A"]
[Site "Loucky klaster ve Znojme – Klasterni, 671 81 Znojmo (stukove saly)"]
[Date "2024.06.24"]
[Round "2.4"]
[White "Vyskocil, Neklan"]
[Black "Dvorak, Libor"]
[Result "1-0"]
[WhiteFideId "307106"]
[BlackFideId "316598"]
[WhiteElo "2288"]
[BlackElo "1990"]
[EventDate "2024.06.23"]

1. e4 c5 2. Nf3 d6 3. Bb5+ Bd7 4. Bxd7+ Qxd7 5. O-O Nc6 6. c3 Nf6 7. d4 g6 8.
d5 Ne5 9. Nxe5 dxe5 10. Qe2 Bg7 11. c4 O-O 12. Nc3 Ne8 13. a4 a5 14. Nb5 Nd6
15. Bd2 b6 16. Bc3 Rad8 17. f4 Nxb5 18. axb5 exf4 19. Bxg7 Kxg7 20. Rxf4 e5 21.
Rf3 Qe7 22. Raf1 f6 23. Qf2 Rd6 24. g4 g5 25. h4 h6 26. Kg2 Qd7 27. Rf5 Qd8 28.
Rh1 Rh8 29. Kf1 Qf8 30. Ke2 Qd8 31. Kd3 Qf8 32. Kc2 Qa8 33. Rf3 Qc8 34. Qg2 Qe8
35. hxg5 fxg5 36. Rhf1 Qg6 37. Rf5 Re8 38. Qg3 Rd7 39. Qf3 Ree7 40. Rf6 Qe8 41.
Rxb6 1-0

[Event "Znojemska Rotunda Open 2024 - turnaj A"]
[Site "Loucky klaster ve Znojme – Klasterni, 671 81 Znojmo (stukove saly)"]
[Date "2024.06.24"]
[Round "2.5"]
[White "Marek, Jakub"]
[Black "Husek, Martin"]
[Result "0-1"]
[WhiteFideId "350702"]
[BlackFideId "384054"]
[WhiteElo "1932"]
[BlackElo "2214"]
[EventDate "2024.06.23"]

1. d4 d6 2. c4 e5 3. dxe5 dxe5 4. Qxd8+ Kxd8 5. Nc3 c6 6. a3 Be6 7. e3 Nd7 8.
Nf3 f6 9. Be2 a5 10. Na4 Ne7 11. Bd2 Nc8 12. Rd1 Kc7 13. O-O Ncb6 14. Nxb6 Nxb6
15. Rc1 a4 16. Rfd1 Nd7 17. Ne1 Nc5 18. Bb4 Nb3 19. Rc2 Bxb4 20. axb4 Rhd8 21.
Nd3 Rd7 22. Nc1 Rxd1+ 23. Bxd1 Rd8 0-1

[Event "Znojemska Rotunda Open 2024 - turnaj A"]
[Site "Loucky klaster ve Znojme – Klasterni, 671 81 Znojmo (stukove saly)"]
[Date "2024.06.24"]
[Round "2.6"]
[White "Mayer, Josef"]
[Black "Borkovec, Ondrej"]
[Result "0-1"]
[WhiteFideId "310972"]
[BlackFideId "23733853"]
[WhiteElo "1927"]
[BlackElo "1708"]
[EventDate "2024.06.23"]

1. c4 b6 2. Nc3 Bb7 3. Nf3 Nf6 4. g3 e6 5. Bg2 Be7 6. O-O O-O 7. d3 d5 8. cxd5
exd5 9. d4 c5 10. b3 Na6 11. Bb2 Nc7 12. Rc1 Ne6 13. e3 Rc8 14. Qe2 Ne4 15.
Rfd1 Bf6 16. Nxe4 dxe4 17. Ne5 cxd4 18. Rxc8 Qxc8 19. exd4 Bxe5 20. dxe5 Ng5
21. Rc1 Qd7 22. Rd1 Qf5 23. Qh5 e3 24. Qe2 Bxg2 25. Kxg2 exf2 26. Qxf2 Qe4+ 27.
Kf1 Rc8 28. Rd2 Qb1+ 29. Kg2 Qe4+ 30. Kf1 Qh1+ 31. Ke2 Ne4 32. Qf5 Qg2+ 0-1

[Event "Znojemska Rotunda Open 2024 - turnaj A"]
[Site "Loucky klaster ve Znojme – Klasterni, 671 81 Znojmo (stukove saly)"]
[Date "2024.06.24"]
[Round "2.7"]
[White "Vejlupek, Pavel"]
[Black "Adharsh, K"]
[Result "0-1"]
[WhiteFideId "23759399"]
[BlackFideId "25718207"]
[WhiteElo "1713"]
[BlackElo "1927"]
[EventDate "2024.06.23"]

1. e4 c5 2. c3 d5 3. exd5 Qxd5 4. Nf3 Nc6 5. Na3 Bg4 6. Be2 O-O-O 7. Nc2 Qd7 8.
O-O e5 9. h3 Be6 10. d3 f6 11. Be3 g5 12. Nh2 Kb8 13. Re1 h5 14. a3 g4 15. h4
Bb3 16. Nf1 f5 17. Bg5 Be7 18. Bxe7 Qxe7 19. g3 f4 20. Nd2 fxg3 21. fxg3 Be6
22. Ne3 Nf6 23. Qc2 Qc7 24. Ne4 Nxe4 25. dxe4 Na5 26. c4 Nc6 27. Nd5 Bxd5 28.
cxd5 Nd4 29. Qd3 Qb6 30. Rab1 c4 31. Qe3 Rhf8 32. Kg2 Nc2 33. Qc3 Nxe1+ 34.
Qxe1 Qd4 35. Bd1 Rf6 0-1

[Event "Znojemska Rotunda Open 2024 - turnaj A"]
[Site "Loucky klaster ve Znojme – Klasterni, 671 81 Znojmo (stukove saly)"]
[Date "2024.06.24"]
[Round "2.8"]
[White "Mikolas, Jakub"]
[Black "Hemala, Lubos"]
[Result "1/2-1/2"]
[WhiteFideId "23767839"]
[BlackFideId "336564"]
[WhiteElo "1708"]
[BlackElo "1907"]
[EventDate "2024.06.23"]

1. d4 Nf6 2. c4 b6 3. Nc3 Bb7 4. d5 d6 5. e4 e5 6. Nf3 Be7 7. Be2 Nbd7 8. O-O
h6 9. Ne1 Nf8 10. a4 g5 11. Be3 Ng6 12. Nd3 O-O 13. a5 c5 14. axb6 axb6 15. f3
Qd7 16. Qb3 Qc7 17. Qb5 Kg7 18. b4 Rfb8 19. Rfb1 Nd7 20. bxc5 dxc5 21. Qb2 Ba6
22. Nb5 Qb7 23. Bd2 Qc8 24. Bd1 f6 25. Ra4 Nh8 26. Rba1 Nf7 27. R1a3 Nd6 28.
Nxd6 Bxd6 29. Qa1 Bb7 30. Rxa8 Rxa8 31. Rxa8 Bxa8 32. Ba4 Qa6 33. Qa2 Qa7 34.
Qb3 Nf8 35. Nc1 Bb7 36. Ne2 Bc8 37. Nc3 f5 38. Nb5 Qb8 39. Qb2 f4 40. Bc3 Kf6
41. Nxd6 Qxd6 42. Bc6 Nd7 43. Qb5 Qc7 44. Bxd7 Bxd7 45. Qb2 h5 46. Kf2 h4 47.
h3 1/2-1/2

[Event "Znojemska Rotunda Open 2024 - turnaj A"]
[Site "Loucky klaster ve Znojme – Klasterni, 671 81 Znojmo (stukove saly)"]
[Date "2024.06.24"]
[Round "2.9"]
[White "Luc, Martin"]
[Black "Molik, Jakub"]
[Result "1/2-1/2"]
[WhiteFideId "390356"]
[BlackFideId "23732687"]
[WhiteElo "1822"]
[BlackElo "1657"]
[EventDate "2024.06.23"]
[PlyCount "65"]

1. e4 c5 2. Nf3 d6 3. d4 cxd4 4. Nxd4 Nf6 5. Nc3 a6 6. Bc4 e5 7. Nf3 Be7 8. O-O
Nbd7 9. Bg5 O-O 10. Qe2 b5 11. Bxf6 Nxf6 12. Bd5 Ra7 13. Bb3 Re8 14. Rfd1 Rd7
15. Nd5 Bb7 16. Nxf6+ Bxf6 17. Bd5 Qc8 18. c3 Be7 19. h3 Rc7 20. Ne1 Rc5 21.
Bxb7 Qxb7 22. Nd3 Rc4 23. f3 d5 24. exd5 Qxd5 25. Kh1 f6 26. a4 Rxa4 27. Rxa4
bxa4 28. Nb4 Qb5 29. Qe4 Bxb4 30. cxb4 Rb8 31. Kh2 Qxb4 32. Rd8+ Kf7 33. Rd7+
 1/2-1/2

[Event "Znojemska Rotunda Open 2024 - turnaj A"]
[Site "Loucky klaster ve Znojme – Klasterni, 671 81 Znojmo (stukove saly)"]
[Date "2024.06.24"]
[Round "2.11"]
[White "Glacner, Karel"]
[Black "Svoboda, Frantisek"]
[Result "0-1"]
[WhiteFideId "326020"]
[BlackFideId "348937"]
[WhiteElo "1646"]
[BlackElo "1753"]
[EventDate "2024.06.23"]
[PlyCount "80"]

1. e4 d6 2. f4 Nf6 3. Nc3 Nbd7 4. Bc4 e5 5. d3 c6 6. Nf3 h6 7. O-O Be7 8. h3
Qc7 9. Be3 exf4 10. Bxf4 Qb6+ 11. Kh1 Qxb2 12. Qd2 Qb4 13. Be3 Nb6 14. Rab1
Nxc4 15. Rxb4 Nxd2 16. Bxd2 d5 17. Rbb1 dxe4 18. dxe4 b6 19. Ne5 Bb7 20. a4 Rd8
21. Be3 Bd6 22. Nd3 Nd7 23. Rf5 f6 24. Bf4 Bxf4 25. Rxf4 O-O 26. a5 b5 27. Na4
Rfe8 28. Rb4 Bc8 29. Nac5 Nxc5 30. Nxc5 Rd2 31. Rb2 Re2 32. Rf1 Re5 33. Rd1
Bxh3 34. Rd8+ Kh7 35. Nd3 Bxg2+ 36. Kg1 Rg5 37. c3 Bxe4+ 38. Kf1 Bxd3 39. Rxd3
Rxb2 40. Rd7 Rh5 0-1

[Event "Znojemska Rotunda Open 2024 - turnaj A"]
[Site "Loucky klaster ve Znojme – Klasterni, 671 81 Znojmo (stukove saly)"]
[Date "2024.06.25"]
[Round "3.2"]
[White "Bures, Jaroslav"]
[Black "Vyskocil, Neklan"]
[Result "1-0"]
[WhiteFideId "322890"]
[BlackFideId "307106"]
[WhiteElo "2418"]
[BlackElo "2288"]
[EventDate "2024.06.23"]

1. e4 c5 2. Nf3 Nc6 3. d4 cxd4 4. Nxd4 e5 5. Nb5 d6 6. c4 a6 7. N5c3 Nf6 8. f3
g6 9. Be3 Bg7 10. Na3 O-O 11. Nc2 Be6 12. Qd2 Qe7 13. O-O-O Rfd8 14. Bb6 Rd7
15. Kb1 Rc8 16. b3 h5 17. Be2 h4 18. g3 Kh7 19. f4 exf4 20. gxf4 Bh3 21. Bf3
Rh8 22. Rhe1 Kg8 23. Qc1 Qe6 24. Nd5 Bg4 25. Nxf6+ Bxf6 26. f5 Bxf5 27. exf5
Qxf5 28. Rf1 Bg5 29. Bxc6 Bxc1 30. Rxf5 bxc6 31. Rf2 Bg5 32. c5 d5 33. Nb4 Kg7
34. Nxc6 Re8 35. Nb4 1-0

[Event "Znojemska Rotunda Open 2024 - turnaj A"]
[Site "Loucky klaster ve Znojme – Klasterni, 671 81 Znojmo (stukove saly)"]
[Date "2024.06.25"]
[Round "3.3"]
[White "Manik, Mikulas"]
[Black "Molik, Zdenek"]
[Result "0-1"]
[WhiteFideId "14900734"]
[BlackFideId "314374"]
[WhiteElo "2343"]
[BlackElo "2131"]
[EventDate "2024.06.23"]

1. e4 e5 2. Nf3 Nf6 3. d4 exd4 4. e5 Ne4 5. Qxd4 d5 6. exd6 Nxd6 7. Nc3 Bf5 8.
Bf4 Nc6 9. Qe3+ Qe7 10. O-O-O Qxe3+ 11. Bxe3 O-O-O 12. Nd4 Nxd4 13. Bxd4 a6 14.
Be2 f6 15. Rhe1 Bd7 16. Nd5 Nf5 17. Ba7 b5 18. Bg4 Kb7 19. Nxc7 Bd6 20. Ne6
Bxe6 21. Rxe6 Kxa7 22. g3 Nh6 23. Bf3 Bc5 24. Rde1 Nf5 25. c3 Rd6 26. R6e2 Rhd8
27. a3 R6d7 28. Kc2 Re7 29. b4 Rxe2+ 30. Rxe2 Bd6 31. Be4 Re8 32. Kd3 g6 33. a4
Kb6 34. axb5 axb5 35. Ra2 Ne7 36. f4 Rd8 37. Kc2 Rc8 38. Kb3 Rc7 39. Ra8 Rc8
40. Ra2 Rd8 41. Ra5 Nc6 42. Bxc6 Kxc6 43. Ra6+ Kb7 44. Ra5 Kb6 45. Ra2 Re8 46.
Rd2 Kc6 47. Ra2 Bc7 48. Ra7 Re7 0-1

[Event "Znojemska Rotunda Open 2024 - turnaj A"]
[Site "Loucky klaster ve Znojme – Klasterni, 671 81 Znojmo (stukove saly)"]
[Date "2024.06.25"]
[Round "3.4"]
[White "Buchta, Vaclav"]
[Black "Zemlicka, Vit"]
[Result "1/2-1/2"]
[WhiteFideId "23739118"]
[BlackFideId "303143"]
[WhiteElo "2099"]
[BlackElo "1998"]
[EventDate "2024.06.23"]

1. e4 g6 2. d4 Bg7 3. Nf3 d6 4. Bc4 Nf6 5. Qe2 O-O 6. O-O Bg4 7. h3 Bxf3 8.
Qxf3 Nc6 9. Rd1 Nd7 10. c3 e5 11. d5 Ne7 12. Bb5 f5 13. Bxd7 Qxd7 14. Bg5 fxe4
15. Qxe4 Bf6 16. Bxf6 Rxf6 17. Qe2 Rf7 18. c4 Nf5 19. Qg4 Qe7 20. Nc3 Nd4 21.
Ne2 Qf6 22. Nxd4 Qxf2+ 23. Kh1 exd4 24. Qxd4 Qxd4 25. Rxd4 Rf2 26. Re1 Raf8 27.
Re7 R8f7 28. Rxf7 Kxf7 29. b4 Rxa2 30. c5 Rc2 31. cxd6 cxd6 32. Rf4+ Ke8 33.
Re4+ Kd8 34. Rh4 Rc7 35. Rf4 Re7 36. Kg1 Kc7 37. Kf2 Kb6 38. Rf6 Rd7 39. Ke3
Kb5 40. Rf4 b6 41. Kd3 a5 42. bxa5 bxa5 43. Rf8 Ra7 44. Kd4 Ra6 45. Rf7 a4 46.
Rxh7 a3 47. Rb7+ Rb6 48. Rxb6+ Kxb6 49. Kc3 Kc5 50. h4 Kxd5 51. g4 Ke5 52. Kb3
Kf4 53. h5 gxh5 54. gxh5 Kg5 55. Kxa3 Kxh5 56. Kb4 Kg5 57. Kc4 Kf5 58. Kd5 Kf4
59. Kxd6 Ke4 1/2-1/2

[Event "Znojemska Rotunda Open 2024 - turnaj A"]
[Site "Loucky klaster ve Znojme – Klasterni, 671 81 Znojmo (stukove saly)"]
[Date "2024.06.25"]
[Round "3.5"]
[White "Dvorak, Libor"]
[Black "Praveen, K B"]
[Result "0-1"]
[WhiteFideId "316598"]
[BlackFideId "25618920"]
[WhiteElo "1990"]
[BlackElo "1771"]
[EventDate "2024.06.23"]

1. Nf3 d5 2. c4 c6 3. g3 Bf5 4. Bg2 e6 5. cxd5 exd5 6. O-O Nf6 7. d4 Bd6 8. Nc3
h6 9. a3 a5 10. Bd2 Nbd7 11. Na2 O-O 12. b4 axb4 13. axb4 Re8 14. Re1 Qb6 15.
Bf1 Ne4 16. e3 Ra3 17. b5 Rea8 18. bxc6 bxc6 19. Rb1 Qc7 20. Nb4 Nxd2 21. Qxd2
Bxb1 22. Rxb1 Rb8 23. Rb2 Bxb4 24. Rxb4 Ra1 25. Qb2 Rxb4 26. Qxb4 c5 27. dxc5
Qxc5 28. Qxc5 Nxc5 29. Kg2 Ne4 30. Nd4 Ra2 31. Be2 g6 32. h4 h5 33. Kg1 Kf8 34.
Kg2 Ke7 35. Kg1 Kd6 36. Kg2 Rb2 37. Kg1 Rd2 38. Kf1 Nc3 39. Ke1 Rb2 40. Kf1
Nxe2 41. Nxe2 Ke5 42. Nd4 Ke4 43. Kg2 f6 44. Ne6 Rb5 45. Nf4 Kf5 46. Kf3 g5 47.
Nxh5 Kg6 48. g4 gxh4 49. Nf4+ Kh6 50. Kg2 d4 51. exd4 Kg5 0-1

[Event "Znojemska Rotunda Open 2024 - turnaj A"]
[Site "Loucky klaster ve Znojme – Klasterni, 671 81 Znojmo (stukove saly)"]
[Date "2024.06.25"]
[Round "3.6"]
[White "Svoboda, Frantisek"]
[Black "Marek, Jakub"]
[Result "1/2-1/2"]
[WhiteFideId "348937"]
[BlackFideId "350702"]
[WhiteElo "1753"]
[BlackElo "1932"]
[EventDate "2024.06.23"]

1. Nf3 Nf6 2. g3 g6 3. b3 Bg7 4. Bb2 O-O 5. Bg2 d5 6. O-O Nc6 7. e3 Bg4 8. h3
Bxf3 9. Bxf3 Qd7 10. Kh2 e5 11. d3 e4 12. dxe4 Qd6 13. exd5 Ng4+ 14. hxg4 Bxb2
15. dxc6 bxc6 16. Qxd6 cxd6 17. Nd2 Bxa1 1/2-1/2